00389nam a2200121Ia 4500008004100000245007600041260004500117260000900162300000800171500001300179650001300192856006200205170516s9999 xx 000 0 und d aPreparation and evaluation of transnasal microemulsion of carbamazepine bAsian Journal of Pharmaceutical Sciences c2013 a8:1 aFebruary xPharmacy uhttp://www.sciencedirect.com/science/journal/18180876/8/1